000 01434cam a22003737a 4500
003 CHAP
005 20220329142533.0
008 010824d2001 mx r 00110 spa d
010 _a84655
011 _a85627
035 _a96162
040 _cCHAP
090 _aTesis
100 0 0 _aLaureano Ahuelicán, Bruno.
_965111
245 1 0 _aEfecto de la intensidad de labranza y del mantillo en la dinámica poblacional de malezas en maíz (Zea mays L.), en Chapingo, México
_c/por Bruno Laureano Ahuelicán y Esther Martínez Domínguez
260 _aChapingo, Méx. :
_bEl autor,
_c2001.
300 _a45 h. ;
_bgráfs.
502 _aTesis (Ing. Agr. Esp. en Parasitología Agrícola) -- UACH. Departamento de Parasitología Agrícola
590 _aALEPH
_b10
_c20130110
_lUCH01
_h1443
590 _aBATCH-UPD
_b10
_c20130110
_lUCH01
_h0703
590 _aBATCH-UPD
_b10
_c20130410
_lUCH01
_h0348
590 _aBATCH-UPD
_b10
_c20130410
_lUCH01
_h1645
590 _aBATCH-UPD
_b10
_c20130914
_lUCH01
_h1712
590 _aCONVERSION
_b10
_c20130109
_lUCH01
_h1347
650 1 4 _aLabranza cero.
_964307
650 1 4 _aMaíz
_xMalas hierbas
_xControl.
_971003
650 1 4 _aMaíz
_zMéxico (Edo.).
_971099
700 0 0 _aMartínez Domínguez, Esther.
_971996
901 _aBK
905 _aAlejandra Carrasco M.
942 _cFOLL
949 _bBC
_cTES
_d33724000853966
_eTS2
_fc.2
_h38529
_i96162
_sb
949 _bBC
_cTES
_d961621
_eTS1
_h38528
_i96162
_sb
999 _c84655
_d84655